| 000 | 01207nam a2200289 i 4500 | ||
|---|---|---|---|
| 001 | bg | ||
| 100 | 1 | _aSzczepaniak, Zenon. | |
| 245 | 1 | 0 |
_aMateriały do poziomego oznakowania dróg : _bzalecenia IBDiM do udzielania aprobat technicznych nr Z/2009-03-021 / _c[aut. oprac. Zenon Szczepaniak, Paweł Skierczyński] ; Instytut Badawczy Dróg i Mostów. Zakład Technologii Nawierzchni. |
| 260 |
_aWarszawa : _bInstytut Badawczy Dróg i Mostów, _c2009. |
||
| 300 |
_a35, [4] s. : _bil. ; _c24 cm. |
||
| 490 | 1 |
_aInformacje, Instrukcje / Instytut Badawczy Dróg i Mostów, _x1231-0638 ; _vz. 75 |
|
| 650 | 9 |
_aZnaki i sygnały drogowe _xPolska |
|
| 650 | 9 |
_aMateriały budowlane _xnormalizacja _zPolska _ystan na 2009 r. |
|
| 650 | 9 |
_aKomunikacja drogowa _xbezpieczeństwo |
|
| 655 | _aInstrukcje | ||
| 700 | 1 | _aSzczepaniak, Zenon. | |
| 700 | 1 | _aSkierczyński, Paweł. | |
| 830 | 0 |
_aInformacje, Instrukcje (Instytut Badawczy Dróg i Mostów) ; _vz. 75 |
|
| 022 | _a12310638 | ||
| 040 | _cBPK | ||
| 041 | 0 | _apol | |
| 044 | _aPOL | ||
| 080 | _a656.1.05:691(083.1) | ||
| 942 | _cKS | ||
| 008 | 091209s2009 pl a |000 f pol | ||
| 999 |
_c49829 _d49829 |
||
| 856 |
_uhttp://koha.tu.koszalin.pl/cgi-bin/koha/opac-detail.pl?biblionumber=49829 _yKatalog online BPK |
||